<?xml version="1.0" encoding="UTF-8"?>
<record
    xmlns:xsi="http://www.w3.org/2001/XMLSchema-instance"
    xsi:schemaLocation="http://www.loc.gov/MARC21/slim http://www.loc.gov/standards/marcxml/schema/MARC21slim.xsd"
    xmlns="http://www.loc.gov/MARC21/slim">

  <leader>01026nam a22002417a 4500</leader>
  <controlfield tag="008">170930s2003        enk||||| |||| 00| 0 eng d</controlfield>
  <datafield tag="020" ind1=" " ind2=" ">
    <subfield code="a">0714838292</subfield>
  </datafield>
  <datafield tag="082" ind1="0" ind2="4">
    <subfield code="a">741</subfield>
    <subfield code="b">C182w</subfield>
  </datafield>
  <datafield tag="100" ind1="1" ind2=" ">
    <subfield code="a">Cameron, Dan.</subfield>
    <subfield code="9">5578</subfield>
  </datafield>
  <datafield tag="245" ind1="1" ind2="0">
    <subfield code="a">William Kentridge /</subfield>
    <subfield code="c">Dan Cameron, Carolyn Christov-Bakargiev y J.M. Coetzee.</subfield>
  </datafield>
  <datafield tag="250" ind1=" " ind2=" ">
    <subfield code="a">1a edici&#xF3;n.</subfield>
  </datafield>
  <datafield tag="260" ind1=" " ind2=" ">
    <subfield code="a">Londres :</subfield>
    <subfield code="b">Phaidon,</subfield>
    <subfield code="c">2003.</subfield>
  </datafield>
  <datafield tag="300" ind1=" " ind2=" ">
    <subfield code="a">160 p&#xE1;ginas :</subfield>
    <subfield code="b">ilustraciones en color.</subfield>
  </datafield>
  <datafield tag="505" ind1="0" ind2=" ">
    <subfield code="t">Interview</subfield>
    <subfield code="r">Carolyn Christov-Bakargiev in conversation with William Kentridge.</subfield>
    <subfield code="t">Survey: A procession of the dispossessed</subfield>
    <subfield code="r">Dan Cameron.</subfield>
    <subfield code="t">Focus: History of the main complaint</subfield>
    <subfield code="r">J.M. Coetzee.</subfield>
    <subfield code="t">Artist's choice: Confessions of Zeno (extract), 1923</subfield>
    <subfield code="r">Italo Svevo.</subfield>
    <subfield code="t">Artist's writings</subfield>
    <subfield code="r">William Kentridge.</subfield>
    <subfield code="t">Chronology.</subfield>
  </datafield>
  <datafield tag="653" ind1="1" ind2="0">
    <subfield code="a">Arte contempor&#xE1;neo</subfield>
  </datafield>
  <datafield tag="653" ind1="1" ind2="0">
    <subfield code="a">Dibujo</subfield>
  </datafield>
  <datafield tag="653" ind1="1" ind2="0">
    <subfield code="a">Ilustradores</subfield>
  </datafield>
  <datafield tag="653" ind1="1" ind2="0">
    <subfield code="a">Instalaci&#xF3;n - Teatro</subfield>
  </datafield>
  <datafield tag="653" ind1="1" ind2="0">
    <subfield code="a">Pel&#xED;culas animadas</subfield>
  </datafield>
  <datafield tag="653" ind1="1" ind2="0">
    <subfield code="a">Arte - Sud&#xE1;frica</subfield>
  </datafield>
  <datafield tag="700" ind1="1" ind2=" ">
    <subfield code="a">Christov-Bakargiev, Carolyn.</subfield>
    <subfield code="9">6005</subfield>
  </datafield>
  <datafield tag="700" ind1="1" ind2=" ">
    <subfield code="a">Coetzee, J.M.</subfield>
    <subfield code="9">574</subfield>
  </datafield>
  <datafield tag="999" ind1=" " ind2=" ">
    <subfield code="c">1301</subfield>
    <subfield code="d">1301</subfield>
  </datafield>
  <datafield tag="952" ind1=" " ind2=" ">
    <subfield code="0">0</subfield>
    <subfield code="1">0</subfield>
    <subfield code="2">ddc</subfield>
    <subfield code="4">0</subfield>
    <subfield code="7">0</subfield>
    <subfield code="a">LV</subfield>
    <subfield code="b">LV</subfield>
    <subfield code="c">Monograf&#xED;as</subfield>
    <subfield code="d">2017-09-30</subfield>
    <subfield code="l">0</subfield>
    <subfield code="o">741 C182w</subfield>
    <subfield code="p">000866</subfield>
    <subfield code="r">2017-09-30 00:00:00</subfield>
    <subfield code="w">2017-09-30</subfield>
    <subfield code="y">01</subfield>
  </datafield>
</record>
